| 000 | 00795nam a22002537a 4500 | ||
|---|---|---|---|
| 005 | 20130627114103.0 | ||
| 010 | _aENG-107747 | ||
| 020 |
_a9781259097089 _c599.00 |
||
| 020 |
_a1259097080 _c599.00 |
||
| 035 | _aEN-91280 | ||
| 037 | _bDBAD/PUB | ||
| 082 | _a303.994 | ||
| 100 | _a Hughes, Richard L. | ||
| 245 |
_aLeadership : _cby Richard L. Hughes, Robert C. Ginnett [and] Gordon J. Curphy _benhancing the lessons of experience / |
||
| 250 | _a7th ed. | ||
| 260 |
_bTata McGraw Hill _c2013 _aNew Delhi |
||
| 270 |
_aP-24, Green Park Extnsion _bNew Delhi _e110016 |
||
| 300 |
_axviii,716p. _c23cm(pbk) _bill. |
||
| 500 | _aIncludes index | ||
| 650 | _aLeadership | ||
| 700 | _aGinnett, Robert C. | ||
| 700 | _a Curphy, Gordon J. | ||
| 942 |
_2ddc _cEN _mHUG _h303.994 |
||
| 999 |
_c77006 _d77006 |
||